Teoretickoprávne otázky soialistického politického systému v ČSSR /

Hlavní autor: Palúš, Igor
Jazyk: Slovenština
Vydáno: Košice : Východoslovenské vydavateľstvo, 1988
Vydání: 1. vyd.
Edice: Acta iuridica Cassoviensia
Fyzický popis: 152 s.
Knihy
Uloženo v:
LEADER 00800nam a2200241 a 4500
001 000355648
003 CZ BrMZK
005 19980105143423.0
007 ta
008 980105s1988 xo f slo d
040 |a BOA001  |b cze 
080 |a 342.384.4(437)  |2 MRF 
100 1 |a Palúš, Igor  |7 jx20031204011  |4 com 
245 1 0 |a Teoretickoprávne otázky soialistického politického systému v ČSSR /  |c Zost. Igor Palúš 
250 |a 1. vyd. 
260 |a Košice :  |b Východoslovenské vydavateľstvo,  |c 1988 
300 |a 152 s. 
490 1 |a Acta iuridica Cassoviensia ;  |v 13 
500 |a Souhrn též rus., něm. 
830 0 |a Acta iuridica Cassoviensia 
910 |a BOA001  |b 2-0934.364 
990 |a BK 
996 7 |b 2619780583  |c 2-0934.364  |l MZK  |r Sklad / do 1 hodiny  |n 0  |w 000355648  |u 000010  |a 1  |e BOA001  |j MZK50  |s A